000 00524nmm a2200169Ia 4500
008 251105s9999||||xx |||||||||||||||||und||
020 _a8497421264
041 _aspa
100 _aIzquierda Socialista
245 0 _aUn futuro para la izquierda :
_b 20 años de Izquierda Socialista
264 _a[Madrid, España] :
_bBiblioteca Nueva,
_c2002
300 _a192 páginas
490 _aEnsayo Pensamiento
650 _aPolitical Science (General)
856 _uhttps://public.digitaliapublishing.com/a/4965
942 _cCF
999 _c74075
_d74075